000 00301nam a22001337a 4500
008 190204b xxu||||| |||| 00| 0 eng d
020 _a9780323057929
041 _aeng
080 _a610.73
100 _a4
101 _aINF
245 _a2011 Intravenous Medications
_cGahart, B.L
942 _2udc
_cBK
999 _c53932
_d53932